01276nam a22003017a 45000010005000000030006000050050017000110080041000280200018000690400029000870820013001161000018001292450051001472500028001982600042002263000048002684900021003165050008003375200269003455210020006145210020006346500065006546500073007197000035007929420015008279990015008429520117008575380FISKH20241129124515.0241129b cb ||||| |||| 00| 0 eng d a9780237518813 aFISKHbengcFISKHdFISKH a388.0941 aGardner, Faye aTravelling in Grandma's Day /cby Faye Gardner aFirst published in 1997 aLondon : bEvan Brother Ltd ;c1997 . a30 pages : bcolor ilustrations ;c25 cm .  aIn Grandma's Day aZ  aEach of the books in this series present 20th-century history for the very young through a personal account of a real life Grandma's experiences in the 1930s, 1940s and 1950s. Each story is a first-person narrative and this text covers travelling in grandma's day.8 a930 bLexile 8 aZ bRaz-Plus  aTransportation- Great Britain- HistoryvJuvenile literature  aGreat Britain- School conditions- 20th cetureyvJuvenile literature  aLafford, Stuart eillustrator  2ddccBKn0 c5380d5380 00102ddc40708NFICa001b001cSNSd2024-11-29l0oGAR 388.0941pFIS01597r2024-11-29 12:45:11w2024-11-29yBK